| 000 | 00370pab a2200145 454500 | ||
|---|---|---|---|
| 008 | 180718b2015 xxu||||| |||| 00| 0 eng d | ||
| 100 | _aGoel, Seema | ||
| 245 | _aTechnology as a tool to combat the menace of trafficking in persons | ||
| 260 | _c2015 | ||
| 300 | _ap.28-31. | ||
| 362 | _aJan-Mar | ||
| 650 | _aTafficking | ||
| 773 | _aCBI Bulletin | ||
| 909 | _a109637 | ||
| 999 |
_c109632 _d109632 |
||